00460nam a2200157Ia 4500001000500000005001700005008004100022041000800063082001800071100003700089245012300126260000900249300002800258650000800286654000800294894120260306160647.0260306t2009||||xx |||||||||||||| ||spa|| aESP a372bA79 2009 aAsociación Solaris PerúeAUT 0aFortaleciendo capacidades para la mejora de la práctica docente:buna experiencia de formación docente en servicio c2009 a104 páginas :c26 cm. aGEN aCED